|
|
|
|
| LEADER |
00916nab a2200229 i 4500 |
| 001 |
publ5834 |
| 005 |
20220919142519.0 |
| 008 |
151116s2003 hu o 0|| zxx d |
| 022 |
|
|
|a 0133-3720
|
| 024 |
7 |
|
|a 1209663
|2 mtmt
|
| 040 |
|
|
|a SZTE Publicatio Repozitórium
|b hun
|
| 041 |
|
|
|a zxx
|
| 100 |
1 |
|
|a Monostori Tamás
|
| 245 |
1 |
0 |
|a Induction of embryogenesis without exogenous hormone-supplement in barley microspore culture
|h [elektronikus dokumentum] /
|c Monostori Tamás
|
| 260 |
|
|
|a Akadémiai Kiadó
|c 2003
|
| 300 |
|
|
|a 297-300
|
| 490 |
0 |
|
|a Cereal Research Communications
|v 31 No. 3/4
|
| 650 |
|
4 |
|a Mezőgazdasági biotechnológia
|
| 700 |
0 |
1 |
|a Lantos Csaba
|e aut
|
| 700 |
0 |
1 |
|a Mihály Róbert
|e aut
|
| 700 |
0 |
1 |
|a Pauk János
|e aut
|
| 856 |
4 |
0 |
|u http://publicatio.bibl.u-szeged.hu/5834/1/Induction%20of%20embryogenesis%20without%20exogenous%20hormone-supplement%20in%20barley%20microspore%20culture.pdf
|z Dokumentum-elérés
|